[Event "AUTO-INT-1481"]
[Site "http://www.queenalice.com/game.php?id=668011"]
[Date "2009.10.16"]
[Round "1"]
[White "filatelista"]
[Black "Dani"]
[Result "1-0"]
[WhiteElo "1848"]
[BlackElo "1379"]

1. d4 d5 2. e3 Nc6 3. c4 dxc4 4. Bxc4 Nh6 5. h3 g6 6. Nf3 Bg7 7. O-O Na5 8. Bd3
Bf5 9. Bxf5 gxf5 10. Nc3 O-O 11. Bd2 c6 12. Rc1 b5 13. Ne2 Nc4 14. b3 Nxd2 15.
Qxd2 e6 16. Rxc6 Bf6 17. Rc5 Qe8 18. Nf4 Rc8 19. Rfc1 Qd7 20. Qb4 a6 21. Qa5 Bd8
22. Qxa6 Rxc5 23. Rxc5 Be7 24. Rxb5 Rc8 25. Ne5 Qe8 26. Ned3 e5 27. dxe5 Rb8 28.
Rxb8 Qxb8 29. Qxh6 Kh8 30. Qh5 Qg8 31. Qxf5 Bg5 32. b4 h6 33. a4 Bh4 34. b5 Bd8
35. e6 fxe6 36. Nxe6 Be7 37. Ndf4 Qh7 38. Qxh7+ Kxh7 39. b6 1-0

[Event "AUTO-INT-1481"]
[Site "http://www.queenalice.com/game.php?id=668012"]
[Date "2009.10.16"]
[Round "1"]
[White "Dani"]
[Black "tadeufm"]
[Result "1-0"]
[WhiteElo "1339"]
[BlackElo "1550"]

1. e4 e5 2. d3 h6 3. Nf3 Bd6 4. d4 exd4 5. Qxd4 f6 6. Nc3 Nc6 7. Qd5 Nb4 8. Qb3
Qe7 9. a3 Nc6 10. Nd5 Qxe4+ 11. Be2 Nce7 12. Nc3 Qe6 13. Nb5 c6 14. Nxd6+ Kd8
15. Bf4 Nd5 16. g3 Ke7 17. Nd4 Qh3 18. N4f5+ Kf8 19. Bc4 Nge7 20. Bd3 Nxf5 21.
Bxf5 Qh5 22. h4 1-0

[Event "AUTO-INT-1481"]
[Site "http://www.queenalice.com/game.php?id=668013"]
[Date "2009.10.16"]
[Round "1"]
[White "tadeufm"]
[Black "Dani"]
[Result "0-1"]
[WhiteElo "1514"]
[BlackElo "1363"]

1. e4 e5 2. Nf3 d6 3. h3 Nh6 4. d3 Nc6 5. Bxh6 gxh6 6. Nc3 f5 7. exf5 Bxf5 8.
Be2 Bg7 9. Qd2 O-O 10. O-O e4 11. dxe4 Be6 12. a3 Na5 13. Na2 Nc4 14. Bxc4 Bxc4
15. Rfe1 b5 16. Nc3 c6 17. b3 Be6 18. g4 a6 19. b4 Rxf3 20. Re3 Rxe3 21. Qxe3
Qg5 22. Re1 Rf8 0-1

[Event "Challenge"]
[Site "http://www.queenalice.com/game.php?id=672695"]
[Date "2009.10.26"]
[Round "-"]
[White "jjjcarvalho"]
[Black "Dani"]
[Result "1-0"]
[WhiteElo "1655"]
[BlackElo "1389"]

1. e4 e5 2. Nf3 Nf6 3. d3 d6 4. h3 d5 5. exd5 Nxd5 6. c4 Nf4 7. Bxf4 exf4 8. d4
b6 9. Nc3 Bb7 10. Be2 g6 11. O-O Bg7 12. Qd3 f5 13. Rfe1 O-O 14. d5 Ba6 15. h4
h5 16. b4 c5 17. bxc5 bxc5 18. Ng5 Qe8 19. Bxh5 Be5 20. Bf3 Nd7 21. Ne6 Rc8 22.
Nxf8 Kxf8 23. Rac1 Nb6 24. Re2 Rc7 25. Nb5 Rd7 26. Qb3 Qe7 27. Rce1 Bxb5 28.
Rxe5 Qd6 29. Qxb5 a6 30. Re8+ Kf7 31. Qb2 Nxc4 32. Qb8 a5 33. Qxd6 Rxd6 34. h5
Nd2 35. hxg6+ Kxg6 36. R1e6+ Kf7 37. Rxd6 Nxf3+ 38. gxf3 c4 39. Rc8 a4 40. Rc7+
Ke8 41. Rxc4 a3 42. Rh6 Ke7 43. Rc7+ Ke8 44. Rh8# 1-0

[Event "Challenge"]
[Site "http://www.queenalice.com/game.php?id=687897"]
[Date "2009.11.24"]
[Round "-"]
[White "Dani"]
[Black "FENIX_RJ"]
[Result "0-1"]
[WhiteElo "1384"]
[BlackElo "1448"]

1. e4 e5 2. d3 Nf6 3. g3 Bc5 4. Nf3 Qe7 5. c4 d5 6. exd5 e4 7. dxe4 Qxe4+ 8. Be2
Ng4 9. Nc3 Bxf2+ 10. Kd2 Be3+ 11. Ke1 Qf5 12. Bxe3 Nxe3 13. Qd2 Nc2+ 14. Kf2
Nxa1 15. Rxa1 Qf6 16. Bd3 Bg4 17. Ne4 Qxf3+ 18. Ke1 Qh1+ 19. Bf1 Qxe4+ 20. Kf2
Nd7 21. Re1 Qe7 22. Rxe7+ Kxe7 23. Qe3+ Kd6 24. h3 Rhe8 25. Qf4+ Ne5 26. Qd4 Nf3
27. Qf4+ Ne5 28. hxg4 h6 29. b4 g5 30. Qf6+ Kd7 31. a4 Nxg4+ 32. Kf3 Nxf6 0-1

[Event "Challenge"]
[Site "http://www.queenalice.com/game.php?id=691061"]
[Date "2009.11.30"]
[Round "-"]
[White "TomasJeferson"]
[Black "Dani"]
[Result "0-1"]
[WhiteElo "1284"]
[BlackElo "1377"]

1. e4 e5 2. d4 exd4 3. Qxd4 d6 4. e5 Nc6 5. Qf4 dxe5 6. Qf3 f6 7. Nc3 a6 8. Bc4
b5 9. Bxg8 Nd4 10. Qxa8 Nxc2+ 11. Ke2 Nxa1 12. Bd5 h5 13. Nf3 h4 14. h3 g5 15.
Be3 Nc2 16. Bd2 Bc5 17. Be4 Bb4 18. Nd5 Bxd2 19. Nxd2 c6 20. Qxc6+ Bd7 0-1

[Event "Challenge"]
[Site "http://www.queenalice.com/game.php?id=691062"]
[Date "2009.11.30"]
[Round "-"]
[White "Dani"]
[Black "TomasJeferson"]
[Result "1-0"]
[WhiteElo "1365"]
[BlackElo "1312"]

1. e4 d5 2. exd5 Qxd5 3. Nc3 Qe5+ 4. Be2 Nc6 5. Nf3 Qf6 6. g4 Bxg4 7. Ne4 Qg6 8.
d3 Bh3 9. b3 e6 10. Bb2 Nh6 11. Rg1 Bg2 12. Nh4 Qxe4 13. dxe4 Bxe4 14. f3 Bd5
15. Qd2 Bb4 16. c3 Bc5 17. b4 Bxg1 18. f4 1-0

[Event "outra chance?"]
[Site "http://www.queenalice.com/game.php?id=731550"]
[Date "2010.2.14"]
[Round "-"]
[White "demonsword"]
[Black "Dani"]
[Result "1-0"]
[WhiteElo "1647"]
[BlackElo "1371"]

1. d4 e6 2. d5 exd5 3. Qxd5 d6 4. Qe4+ Be7 5. h4 Nf6 6. Qe3 Nc6 7. Qg5 h6 8.
Qxg7 Rf8 9. Bxh6 Kd7 10. Bg5 Ne8 11. g3 b5 12. Bh3+ f5 13. Bxf5+ Rxf5 14. Bxe7
Nxe7 15. Qg4 Nf6 16. Qd4 d5 17. g4 c5 18. Qxc5 Ne4 19. Qxb5+ Kc7 20. gxf5 Nxf5
21. f3 Neg3 22. Qc5+ Kd7 23. Rh3 Bb7 24. Nc3 Rc8 25. Qb5+ Bc6 26. Qd3 Qf8 27. e4
Re8 28. O-O-O Nxe4 29. fxe4 Nd6 30. exd5 Bb7 31. Nge2 Qh6+ 32. Rd2 a6 33. a4 Rf8
34. Rf3 Rg8 35. b4 Qxh4 36. b5 Qh1+ 37. Nd1 axb5 38. axb5 Kc7 39. c4 Bc8 40. Ng3
Qh3 41. c5 Ne8 42. d6+ Kd7 43. c6+ Ke6 44. Re2# 1-0

[Event "Challenge"]
[Site "http://www.queenalice.com/game.php?id=750974"]
[Date "2010.3.24"]
[Round "-"]
[White "Dani"]
[Black "Lacey12"]
[Result "0-1"]
[WhiteElo "1364"]
[BlackElo "1737"]

1. e4 e5 2. d3 Nf6 3. Nf3 Bc5 4. Be3 Bxe3 5. fxe3 d5 6. exd5 Nxd5 7. Qe2 Bg4 8.
h3 Be6 9. Nxe5 f6 10. Nc4 O-O 11. g4 Nc6 12. Nba3 a6 13. Bg2 Re8 14. O-O b5 15.
Nd2 Bf7 16. e4 Ndb4 17. c3 Nd5 18. Rf5 Be6 19. Rh5 Nf4 20. Qf3 Nxh5 21. gxh5 Ne5
22. Qf4 Nxd3 23. Qg3 Qd6 24. Qxd6 cxd6 25. b4 Rac8 26. Bf1 Rxc3 27. Nab1 Rc1 28.
h4 Bh3 0-1

[Event "Challenge"]
[Site "http://www.queenalice.com/game.php?id=765078"]
[Date "2010.4.23"]
[Round "-"]
[White "jjjcarvalho"]
[Black "Dani"]
[Result "1-0"]
[WhiteElo "1627"]
[BlackElo "1356"]

1. e4 e5 2. Nf3 d6 3. Bc4 Nf6 4. d3 c6 5. Bg5 Be7 6. h3 h6 7. Bxf6 Bxf6 8. Qe2
b5 9. Bb3 Na6 10. a3 g5 11. c4 bxc4 12. Bxc4 Nc5 13. Nc3 Bb7 14. b4 Nb3 15. Bxb3
O-O 16. Qe3 a6 17. O-O h5 18. Rfd1 g4 19. hxg4 hxg4 20. Nd2 Bc8 21. f3 gxf3 22.
Qxf3 Kg7 23. Rf1 Kg8 24. Qxf6 Qxf6 25. Rxf6 Kg7 26. Raf1 Bg4 27. Rxf7+ Rxf7 28.
Rxf7+ Kg6 29. Rc7 Rf8 30. Rxc6 Kg5 31. Rxd6 Kf4 32. Nd5+ Kg3 33. Nf1+ Kh4 34.
Nde3 Be2 35. g3+ Kh3 36. Rh6+ Bh5 37. Rxh5# 1-0

[Event "Challenge"]
[Site "http://www.queenalice.com/game.php?id=780053"]
[Date "2010.5.24"]
[Round "-"]
[White "jjjcarvalho"]
[Black "Dani"]
[Result "1-0"]
[WhiteElo "1749"]
[BlackElo "1366"]

1. e4 e5 2. Nf3 d6 3. Bc4 Nf6 4. d3 Nc6 5. Nc3 Na5 6. Bb3 Nh5 7. Nxe5 dxe5 8. f4
exf4 9. Qxh5 g6 10. Qf3 h5 11. Bxf4 Bg7 12. Bd2 Bg4 13. Qf2 Bd4 14. Qxf7# 1-0

[Event "jogo do bjo"]
[Site "http://www.queenalice.com/game.php?id=798646"]
[Date "2010.7.4"]
[Round "-"]
[White "Dani"]
[Black "demonsword"]
[Result "0-1"]
[WhiteElo "1347"]
[BlackElo "1737"]

1. e4 e5 2. Nf3 f6 3. b3 a5 4. Bb2 Nh6 5. c4 c5 6. Nc3 d6 7. d3 Be6 8. a4 Nc6 9.
g3 Nd4 10. Nb5 Bg4 11. Bxd4 cxd4 12. Be2 d5 13. exd5 Bb4+ 14. Kf1 O-O 15. h3
Bxf3 16. Bxf3 Nf5 17. Bg4 g6 18. h4 h5 19. Bxf5 gxf5 20. d6 Rc8 21. g4 fxg4 22.
Ra2 f5 23. Na7 Rc5 24. Rg1 Qxd6 25. f3 Qf6 26. fxg4 fxg4+ 27. Kg2 Qf3+ 28. Qxf3
Rxf3 29. Nb5 Rxd3 30. Rf2 e4 31. Rgf1 Rc8 32. Nd6 Bxd6 33. Kg1 e3 34. Rf6 e2 35.
Re1 Rd1 36. Kf2 Rf8 37. Rxf8+ Bxf8 38. Rxe2 Bc5 39. Re8+ Kf7 40. Rc8 b6 41. Ke2
Rb1 42. Rc7+ Kf6 43. Rc6+ Ke5 44. Kd3 Rxb3+ 45. Kd2 Rb2+ 46. Kd3 g3 47. Rg6 Rb3+
48. Kc2 Re3 49. Rg5+ Kf4 50. Rxh5 d3+ 51. Kd1 Bb4 52. Rh6 d2 53. Rd6 g2 54. Rg6
Re1+ 55. Kc2 d1=Q+ 56. Kb2 Qb1# 0-1

[Event "Challenge"]
[Site "http://www.queenalice.com/game.php?id=815803"]
[Date "2010.8.9"]
[Round "-"]
[White "jjjcarvalho"]
[Black "Dani"]
[Result "1-0"]
[WhiteElo "1621"]
[BlackElo "1362"]

1. Nf3 b6 2. d4 Bb7 3. Qd3 e6 4. e4 Nf6 5. Nc3 g6 6. e5 Nh5 7. Be2 Nf4 8. Bxf4
Nc6 9. a3 d5 10. Bg5 Be7 11. Bxe7 Nxe7 12. h3 O-O 13. h4 f5 14. Ng5 Bc8 15. h5
a5 16. hxg6 h6 17. Rxh6 Kg7 18. Qh3 Ng8 19. Rh7+ Kxg6 20. Qh5# 1-0

[Event "Challenge"]
[Site "http://www.queenalice.com/game.php?id=831041"]
[Date "2010.9.10"]
[Round "-"]
[White "blackwolf"]
[Black "Dani"]
[Result "1-0"]
[WhiteElo "1940"]
[BlackElo "1349"]

1. d4 d5 2. c4 dxc4 3. e4 e6 4. Bxc4 Nc6 5. Nf3 Bb4+ 6. Nc3 Ba5 7. O-O g5 8.
Bxg5 f6 9. Bh4 Nge7 10. Bxf6 Rf8 11. e5 b6 12. Qd3 Rf7 13. Ba6 Bxa6 14. Nb5 Nb4
15. Qe2 c6 16. a4 cxb5 17. axb5 Bb7 18. Ng5 Rg7 19. Bxg7 Nf5 20. Bf6 Qxd4 21.
Nxh7 Rc8 22. Qh5+ Kd7 23. Rfd1 Nd3 24. Qf7+ Ne7 25. Qxe7# 1-0

[Event "Challenge"]
[Site "http://www.queenalice.com/game.php?id=831042"]
[Date "2010.9.10"]
[Round "-"]
[White "Dani"]
[Black "blackwolf"]
[Result "0-1"]
[WhiteElo "1351"]
[BlackElo "1930"]

1. e4 e5 2. d3 Nf6 3. Nf3 Nc6 4. b3 Be7 5. Bb2 d6 6. Na3 O-O 7. g3 Bg4 8. Be2
Bh3 9. Ng1 Qd7 10. f3 Rad8 11. Nxh3 Qxh3 12. g4 Qg2 13. Rf1 Qxh2 14. Nc4 Nd7 15.
a3 Bh4+ 16. Kd2 Qf4+ 17. Ne3 Bg5 18. Kc3 Qxe3 19. Bc1 Qd4# 0-1

[Event "Challenge"]
[Site "http://www.queenalice.com/game.php?id=861120"]
[Date "2010.11.20"]
[Round "-"]
[White "pedroingles"]
[Black "Dani"]
[Result "1-0"]
[WhiteElo "1760"]
[BlackElo "1324"]

1. d4 d5 2. c4 dxc4 3. e4 Nf6 4. Nc3 Nc6 5. Nf3 b5 6. g3 e6 7. Bg2 a6 8. O-O Bb7
9. Bf4 Nh5 10. Be3 g6 11. Qd2 Bg7 12. Bh6 O-O 13. Bxg7 Nxg7 14. Rad1 Qe7 15.
Rfe1 Rad8 16. Qe3 f5 17. exf5 gxf5 18. d5 Nb4 19. Qe5 c6 20. dxe6 Rxd1 21. Rxd1
Nxe6 22. Ng5 Nc2 23. Qxe6+ Qxe6 24. Nxe6 Rf6 25. Nd4 Nxd4 26. Rxd4 Re6 27. Rd2
b4 28. Re2 Rd6 29. h4 bxc3 30. bxc3 a5 31. a4 Bc8 32. Re8+ Kf7 33. Rxc8 Rd1+ 34.
Kh2 Ke7 35. Rxc6 h5 36. Rxc4 Rd2 37. f4 Kd6 38. Rd4+ Rxd4 39. cxd4 Ke6 40. Bc6
Kd6 41. d5 Kc7 42. Kg2 Kb6 43. Kf3 Kc5 44. Ke3 Kd6 45. Kd4 Kc7 46. Ke5 Kb6 47.
Kxf5 Kc5 48. Kg5 Kb4 49. Kxh5 Kc4 50. f5 Kc5 51. Kg6 Kd6 52. Kf6 Kc7 53. h5 Kd6
54. h6 Kc7 55. h7 1-0

[Event "Challenge"]
[Site "http://www.queenalice.com/game.php?id=861121"]
[Date "2010.11.20"]
[Round "-"]
[White "Dani"]
[Black "pedroingles"]
[Result "0-1"]
[WhiteElo "1329"]
[BlackElo "1691"]

1. Nf3 d5 2. d4 Nc6 3. e3 Nf6 4. c3 Bg4 5. h3 Bh5 6. g4 Bg6 7. Nbd2 e6 8. b4 a6
9. a3 Bd6 10. Bg2 O-O 11. Bb2 Ne4 12. Nb3 b6 13. a4 Be7 14. O-O Bd6 15. Ng5 Qxg5
16. f4 Qh4 17. Kh1 Nf2+ 18. Rxf2 Qxf2 19. Rb1 Bxb1 20. Qxb1 Qxe3 21. f5 Qg3 22.
Qg1 Rfe8 23. b5 axb5 24. axb5 Na5 25. Nd2 Ra7 26. Nf1 Qe1 27. fxe6 fxe6 28. g5
Nc4 29. h4 Qb1 30. h5 Qxb2 31. Bh3 Qxc3 32. Bg4 Ra1 33. h6 Ne3 34. Bh5 g6 35.
Be2 Rf8 0-1

[Event "jogo do bjo 2"]
[Site "http://www.queenalice.com/game.php?id=862918"]
[Date "2010.11.23"]
[Round "-"]
[White "demonsword"]
[Black "Dani"]
[Result "1-0"]
[WhiteElo "1649"]
[BlackElo "1327"]

1. d4 d5 2. e3 Nc6 3. c4 dxc4 4. Bxc4 e6 5. a3 Nf6 6. Ne2 g6 7. Nbc3 Na5 8. Bb5+
c6 9. Bd3 Ng4 10. h3 Nh6 11. b4 Nf5 12. bxa5 Nh4 13. O-O Bd6 14. g3 Nf3+ 15. Kg2
Ng5 16. h4 e5 17. hxg5 exd4 18. exd4 b5 19. f3 h6 20. Rh1 h5 21. f4 Bg4 22. Ne4
O-O 23. Nf6+ Kg7 24. Bb2 c5 25. dxc5 Bxc5 26. Nxh5+ Kh7 27. Nf6+ Kg7 28. Nxg4+
f6 29. gxf6+ Kf7 30. Nh6+ Ke6 31. f5+ Kd5 32. Bxb5+ Bd4 33. Qxd4# 1-0